000
00343pam a2200157a 44500
008
230515b1983 xxu||||| |||| 00| 0 eng d
020
_a
NULL
041
_a
ENGLISH
082
_a
651
100
_a
GARBUTT D
245
_a
CARTRS ADVANCED ACCOUNTS
250
_a
7
260
_a
DELHI
_b
PITMAN BOOK
_c
1983
300
_a
2976
650
_a
NULL
999
_c
650732
_d
650732